01387 2200289 4500001002100000005001500021035002000036020001800056264002500074650002800099100003000127090001800157245014700175008004100322082000800363084001700371250002600388260004500414300003700459700003000496700004000526700002800566700003000594520043900624990001801063990001601081INLIS00000000004228520220510101420 a0010-0619042285 a9786230302220 ramedia Pustaka Utama 4aPerlindungan Lingkungan0 aKang Seong-eunepengarang 010-06190422851 aBumiku sehat kembali /cKang Seong-eun; ilustrator, Oh Seong-bong; penerjemah, Fiore Maheswari Danitta, Vina Marlia; penyunting, Anjar Dewanti220510 a 0 ind  a628 aSR 628 KAN b acetakan pertama, 2021 aJakarta :bGramedia pustaka utama,c2021 a32 halaman :bilustrasi ;c23 cm0 aOh Seong-bongeilustrator0 aFiore Maheswari Danittaepenerjemah0 aVina Marliaepenerjemah0 aAnjar Dewantiepenyunting aSampah di sana, sampah di sini! Ada begitu banyak sampah di mana-mana. Hu hu hu, Bumi jadi menangis dan sakit karena dipenuhi oleh sampah. Ehm, kamu bisa membantu Bumi, loh, dengan mengurangi dan memanfaatkan sampah. Ayo baca cara-caranya di sini! Seri Lingkungan Hidup ini menanamkan kesadaran sejak dini pada anak mengenai masalah-masalah lingkungan hidup dan bagaimana mereka bisa membantu mengatasinya dalam aktivitas sehari-hari. a047019.059839 a49288.62108